| 000 | 02805 a2200253 4500 | ||
|---|---|---|---|
| 003 | OSt | ||
| 005 | 20180116192346.0 | ||
| 008 | 120530t xxu||||| |||| 00| 0 eng d | ||
| 020 | _a0714845450 (hbk.) | ||
| 020 | _a9780714845456 | ||
| 040 | _c0 | ||
| 082 | _a741.9242 | ||
| 245 | 0 | 0 |
_aVitamin D : _bnew perspectives in drawing / _c[authors, Johanna Burton ... et al.]. |
| 246 | 3 | 0 | _aNew perspectives in drawing |
| 260 |
_aLondon : _aNew York : _bPhaidon. ; _c2005. |
||
| 300 |
_a351 p. : _bill. (some col.) ; _c30 cm. |
||
| 500 | _aIncludes bibliographical references and index. | ||
| 505 | _a |a Preface -- Introduction / by Emma Dexter -- D-L Alvarez -- Francis Alÿs -- Ryoko Aoki -- Kaoru Arima -- Silvia Bächli -- Devendra Banhart -- Anna Barriball -- Shannon Bool -- Michaël Borremans -- Andrea Bowers -- Jesse Bransford -- Fernando Bryce -- Cai Guo-Qiang -- Ernesto Caivano -- Los Carpinteros -- Raimond Chaves -- Sandra Cinto -- Russell Crotty -- Roberto Cuoghi -- John Currin -- Amy Cutler -- Jeff Davis -- Tacita Dean -- Trisha Donnelly -- Marlene Dumas -- Sam Durant -- Marcel Dzama -- Memed Erdener -- Simon Evans -- Simon Faithfull -- Spencer Finch -- Urs Fischer -- Roland Flexner -- Ellen Gallagher -- Matt Greene -- Joseph Grigely -- Anna Sigmond Gudmundsdottir -- Daniel Guzman -- Sebastian Hammwöhner -- Trenton Doyle Hancock -- Björn Hegardt -- Arturo Herrera -- Nobuya Hoki -- Christian Holstad -- Huang Yong Ping -- Dean Hughes -- Gareth James -- Yun-Fei Ji -- Chris Johanson -- Kerstin Kartscher -- William Kentridge -- Toba Khedoori -- Dr. Lakra -- Michael Landy --- 5050 |9 |a Ricardo Lanzarini -- Graham Little -- Mark Lombardi -- Mindaugas Lukosaitis -- Marco Maggi -- Frank Magnotta -- Mark Manders -- Yuri Masnyj -- Dominic McGill -- Julie Mehretu -- Jean-François Moriceau and Petra Mrzyk -- Claudia and Julia Müller -- Dave Muller -- Vik Muniz -- David Musgrave -- Wangechi Mutu -- Yoshitomo Nara -- Paul Noble -- Jockum Nordström -- Glexis Novoa -- Roman Ondák -- Robyn O'Neil -- Gabriel Orozco -- Pavel Pepperstein -- Peter Peri -- Dan Perjovschi -- Raymond Pettibon -- Elizabeth Peyton -- Chloe Piene -- Fernando Renes -- Robin Rhode -- Matthew Ritchie -- Frances Richardson -- Serse -- Silke Schatz -- Anne-Marie Schneider -- Steven Shearer -- David Shrigley -- Simone Shubuck -- James Siena -- Shahzia Sikander -- Lucy Skaer -- Torsten Slama -- Josh Smith -- Zak Smith -- Nedko Solakov -- Hayley Tompkins -- Susan Turcot -- Banks Violette -- Amelie von Wulffen -- Kara Walker -- Ola | ||
| 650 | 1 | 0 |
_aDrawing _y20th century. _92641 |
| 650 | 1 | 0 |
_aDrawing _y21st century. _92642 |
| 700 | 1 |
_4Burton, Johanna. _4Dexter, Emma. _92643 |
|
| 942 |
_aSADA _cBK _k741.9242 VIT 2005 _2ddc |
||
| 999 |
_c352782 _d352782 |
||